Prehľad vysekávacích strojov = Overview of punching machines : Bakalárska práca

Enregistré dans:
Détails bibliographiques
Auteur principal: Janita, Vladislav, 1971- (Auteur)
Autres auteurs: Charbulová, Marcela (xxx)
Format: Manuscrit Livre
Langue:slovaque
Publié: Trnava : STU v Bratislave MTF UVSM KTZS, 2009
Sujets:
Tags: Ajouter un tag
Pas de tags, Soyez le premier à ajouter un tag!

MARC

LEADER 00000ntm a22000003a 4500
001 stu195395
005 20200715133259.6
008 091103s2009----xo------------------slo-d
040 |a STU  |b slo 
041 0 |a slo 
044 |a xo 
100 1 |a Janita, Vladislav,  |d 1971-  |4 aut  |X 25366  |7 A000025366 
245 1 |a Prehľad vysekávacích strojov = Overview of punching machines :  |b Bakalárska práca 
260 |a Trnava :  |b STU v Bratislave MTF UVSM KTZS,  |c 2009 
300 |a 44 s  |c 1 CD-ROM 
500 |a Študijný program: výrobné zariadenia a systémy 
500 |a Študijný odbor: 5.2.50 výrobná technika 
650 7 |a vysekávacie stroje  |2 stusub 
650 7 |a strižný proces  |2 stusub 
700 1 |a Charbulová, Marcela  |4 xxx  |u M170  |U MTF Ústav výrobných systémov a aplikovanej mechaniky  |T MTF Katedra technologických zariadení a systémov  |X 4306  |U M170  |Y M170  |7 A000004306 
996 |b 284M071424  |c M*BP-3799  |l MMSKP  |s P  |a 0  |w stu195395_0001